Vista normal
Vista MARC
Entrada Personal Name
Número de registros utilizados en: 1
001 - CONTROL NUMBER
- control field: 15531
003 - CONTROL NUMBER IDENTIFIER
- control field: DLC
005 - DATE AND TIME OF LATEST TRANSACTION
- control field: 20240403153540.0
008 - FIXED-LENGTH DATA ELEMENTS
- fixed length control field: 870212n| acannaabn |a aaa c
010 ## - LIBRARY OF CONGRESS CONTROL NUMBER
- LC control number: n 86080751
035 ## - SYSTEM CONTROL NUMBER
- System control number: (OCoLC)oca01788836
040 ## - CATALOGING SOURCE
- Original cataloging agency: NjP
- Language of cataloging: spa
- Transcribing agency: Mx-PuUPA
- Modifying agency: DLC
- Modifying agency: OCoLC
- Modifying agency: Mx-PuUPA
- Description conventions: rda
046 ## - SPECIAL CODED DATES
- Birth date: 1925
100 1# - HEADING--PERSONAL NAME
- Personal name: Miranda Pacheco, Mario,
- Dates associated with a name: 1925-
374 ## - OCCUPATION
- Occupation: Autor
375 ## - GENDER
- Gender: hombre
377 ## - ASSOCIATED LANGUAGE
- Language code: eng
400 1# - SEE FROM TRACING--PERSONAL NAME
- Personal name: Pacheco, Mario Miranda,
- Dates associated with a name: 1925-
670 ## - SOURCE DATA FOUND
- Source citation: Reunion de Universidades de Mexico y EE. UU. (3rd : 1983 : Tijuana, Baja California Norte, Mexico). Reglas del juego y juego sin reglas ... 1985:
- Information found: t.p. (Mario Miranda Pacheco)
670 ## - SOURCE DATA FOUND
- Source citation: LC in RLIN, 1-20-87
- Information found: (hdg.: Miranda Pacheco, Mario, 1925- )